000 01473nam a2200181Ia 4500
999 _c6224
_d6224
020 _a0748719792
022 _a9780748719792
050 _aQA76
_b.B72
100 1 _aBradley, Ray,
245 1 0 _aUnderstanding computer science for advanced level /
_cRay Bradley.
250 _aThird edition.
260 _aCheltenham :
_b Stanley Thornes,
_c1995.
300 _axxvi, 709 pages :
_billustrations ;
_c27 cm.
500 _aIncludes index.
505 _aBoard by board syllabus analysis; 1. How to make use of this book; 2. Basic concepts; 3. Representation of data; 4. Machine architecture 5. Low - level languages 6. High level language principles 7. Structured analysis and design 8. An overview of high - level languages 9. Special programming techniques 10. Translation of high - level languages 11. Input devices 12. Output devices 13. Storage techniques 14. Data structures 15. Sorting and searching facilities 16. Files and file handling 17. Operating systems 18. Systems analysis and design 19. electronic logic 20. Database systems 21. Modern communication systems 22. Business and commercial applications 23. Scientific applications 24. Further applications 25. Computers in control 26. Some social implications 27. History of computing 28. Computing projects 29. Examination questions 30. Glossary of terms in this book 31. Answers to the exercises 32. Index
650 0 _aComputer science.
942 _cBK